Gaming Quiz

Random Gaming or Board Games Quiz
Score 0/20 Timer 05:00
7 Plays Today
% Correct
Monopoly
99.3%
Chess
95.8%
Battleship
94.3%
Snakes and Ladders
93.9%
Clue(do)
93.7%
Checkers
92.9%
Scrabble
91.5%
Connect Four
87.1%
Game of Life
87%
Mexican Train Dominoes
86.3%
% Correct
Jenga
85.5%
Risk
84.6%
Backgammon
76.7%
Trivial Pursuit
75.6%
Mahjong Solitaire
71.7%
Catan
59.1%
Othello
58.2%
Stratego
46.6%
Ticket to Ride
45.3%
Axis & Allies
13.5%
Remove Ads.
Support Sporcle.
Get the best of Sporcle when you Go Orange. This ad-free experience offers more features, more stats, and more fun while also helping to support Sporcle. Thank you for becoming a member.

You're not logged in!

Compare scores with friends on all Sporcle quizzes.
OR
Log In

Show Comments

Extras

Top Quizzes Today


Score Distribution

Your Account Isn't Verified!

In order to create a playlist on Sporcle, you need to verify the email address you used during registration. Go to your Sporcle Settings to finish the process.

Report this User

Report this user for behavior that violates our Community Guidelines.

Details: